[Event "I Magistral Silla-L'Alcudia de Crespins"]
[Site "Silla/Alcudia de Crespins ESP"]
[Date "2009.02.09"]
[Round "1.5"]
[White "Spassov, Liuben"]
[Black "Molina, Jorge"]
[Result "1-0"]
[WhiteElo "2522"]
[BlackElo "2343"]
[PlyCount "80"]
[EventDate "2009.02.10"]
[EventType "tourn"]
[EventRounds "9"]
[EventCountry "ESP"]
[EventCategory "4"]
[Source "lmi"]
[SourceDate "2009.02.09"]

1. d4 d5 2. c4 e6 3. Nf3 c5 4. cxd5 exd5 5. g3 Nc6 6. Bg2 Nf6 7. O-O Be7 8. Nc3
O-O 9. Bg5 Bf5 10. Rc1 c4 11. Ne5 Re8 12. e3 h6 13. Bxf6 Bxf6 14. Ng4 Bxg4 15.
Qxg4 Ne7 16. Qf3 Rb8 17. Nxd5 Nxd5 18. Qxd5 Qxd5 19. Bxd5 b5 20. b3 cxb3 21.
axb3 Bd8 22. Rc5 a6 23. Ra1 Bb6 24. Rc6 a5 25. Rd6 Red8 26. Rxd8+ Bxd8 27. Rc1
Kf8 28. Be4 Ke7 29. Kf1 g6 30. h4 h5 31. Ke2 Bb6 32. Rc2 Rd8 33. Bd3 b4 34. Bb5
Rb8 35. Ba4 Bd8 36. Rc6 Bb6 37. Kd2 Rb7 38. Rc8 Rc7 39. Re8+ Kd6 40. Rd8+ Ke7
1-0

[Event "I Magistral Silla-L'Alcudia de Crespins"]
[Site "Silla/Alcudia de Crespins ESP"]
[Date "2009.02.10"]
[Round "2.3"]
[White "Torres Sanchez, Jose"]
[Black "Dolezal, Cristian"]
[Result "0-1"]
[WhiteElo "2330"]
[BlackElo "2411"]
[PlyCount "160"]
[EventDate "2009.02.10"]
[EventType "tourn"]
[EventRounds "9"]
[EventCountry "ESP"]
[EventCategory "4"]
[Source "lmi"]
[SourceDate "2009.02.09"]

1. e4 e5 2. Nf3 Nc6 3. Bb5 a6 4. Ba4 Nf6 5. O-O b5 6. Bb3 Bc5 7. c3 d6 8. d4
Bb6 9. a4 Bb7 10. Re1 O-O 11. Na3 h6 12. h3 exd4 13. cxd4 d5 14. e5 Ne4 15. Be3
b4 16. Nc2 a5 17. Bf4 Ne7 18. Rc1 Ng6 19. Be3 f5 20. exf6 Qxf6 21. Bxh6 Nxf2
22. Kxf2 gxh6 23. Kg1 Nf4 24. Ne5 Qg7 25. Qg4 Qxg4 26. hxg4 Rad8 27. Rcd1 c5
28. dxc5 Bxc5+ 29. Kh1 Kg7 30. Nd4 Bxd4 31. Rxd4 Ne6 32. Rd2 Nc5 33. Rc2 Rc8
34. Rxc5 Rxc5 35. Nd7 Rc7 36. Nxf8 Kxf8 37. Re6 Re7 38. Rxh6 Re2 39. Rh8+ Kg7
40. Rd8 Kf6 41. Bxd5 Ke7 42. Bxb7 Kxd8 43. b3 Rd2 44. Be4 Ke7 45. Kh2 Kf6 46.
Kh3 Ke5 47. Bh7 Rd1 48. Kg3 Rc1 49. Bg8 Rc8 50. Bf7 Kf6 51. Bd5 Rc5 52. Bg8 Kg5
53. Kf3 Rc3+ 54. Ke4 Kxg4 55. Kd4 Kf4 56. Bc4 Rc2 57. g3+ Kxg3 58. Kc5 Kf4 59.
Kb5 Ke5 60. Bf7 Rc7 61. Bg8 Rc8 62. Bh7 Kd4 63. Bg6 Kc3 64. Bf7 Rf8 65. Be6 Rf6
66. Bg8 Rg6 67. Bf7 Rg7 68. Be6 Rg5+ 69. Kb6 Kb2 70. Bc4 Re5 71. Bg8 Re3 72.
Kxa5 Rxb3 73. Kb6 Rg3 74. Bd5 Rg6+ 75. Kb7 Kc3 76. Be4 Re6 77. Bd5 Re5 78. Bg8
b3 79. Kb6 b2 80. Bh7 Kb4 0-1

[Event "I Magistral Silla-L'Alcudia de Crespins"]
[Site "Silla/Alcudia de Crespins ESP"]
[Date "2009.02.10"]
[Round "2.4"]
[White "Calvo Alfonso, Vicente"]
[Black "Fenollar Jorda, Manuel"]
[Result "0-1"]
[WhiteElo "2202"]
[BlackElo "2341"]
[PlyCount "64"]
[EventDate "2009.02.10"]
[EventType "tourn"]
[EventRounds "9"]
[EventCountry "ESP"]
[EventCategory "4"]
[Source "lmi"]
[SourceDate "2009.02.09"]

1. d4 d5 2. Nc3 e6 3. e4 Bb4 4. exd5 exd5 5. Qf3 Nc6 6. Be3 Nge7 7. Bd3 Be6 8.
Nge2 Qd7 9. O-O h5 10. h3 O-O-O 11. Nb5 Nf5 12. Bf4 Ba5 13. c3 a6 14. a4 Rdg8
15. Bh2 g5 16. b4 g4 17. Qf4 gxh3 18. bxa5 hxg2 19. Rfb1 Rg4 20. Qf3 Nh4 21.
Qe3 Bf5 22. Nxc7 Be4 23. Rxb7 Nf3+ 24. Qxf3 Bxf3 25. Bxa6 Kd8 26. Nb5 Qe6 27.
Bc7+ Ke8 28. Bd6 Qf5 29. Nc7+ Kd8 30. Nb5 Rh4 31. Bc7+ Ke8 32. Ng3 Rh1+ 0-1

[Event "I Magistral Silla-L'Alcudia de Crespins"]
[Site "Silla/Alcudia de Crespins ESP"]
[Date "2009.02.11"]
[Round "3.2"]
[White "Fenollar Jorda, Manuel"]
[Black "Ortiz Suarez, Isam"]
[Result "1/2-1/2"]
[WhiteElo "2341"]
[BlackElo "2522"]
[PlyCount "141"]
[EventDate "2009.02.10"]
[EventType "tourn"]
[EventRounds "9"]
[EventCountry "ESP"]
[EventCategory "4"]
[Source "lmi"]
[SourceDate "2009.02.09"]

1. d4 g6 2. c4 Bg7 3. e4 d6 4. Nc3 Nc6 5. Be3 e5 6. d5 Nce7 7. c5 Nf6 8. cxd6
cxd6 9. Bb5+ Nd7 10. Nf3 O-O 11. O-O f5 12. Ng5 Nf6 13. f3 Bh6 14. Bc1 Bxg5 15.
Bxg5 f4 16. Qd2 Kg7 17. Rfc1 h6 18. Bh4 a6 19. Bf1 Bd7 20. a4 g5 21. Bf2 g4 22.
a5 gxf3 23. gxf3 Kh8 24. Kh1 Rg8 25. Na4 Qe8 26. Nb6 Qh5 27. Ra3 Rad8 28. Nxd7
Rxd7 29. Be2 Ng6 30. Rg1 Rdg7 31. Raa1 Nh4 32. Bxh4 Qxh4 33. Rxg7 Rxg7 34. Rg1
Qf2 35. Rxg7 Kxg7 36. Qd1 Kf8 37. b4 Qe3 38. Qf1 Qc3 39. Qb1 Qd2 40. Bf1 h5 41.
b5 Qxa5 42. bxa6 bxa6 43. Qd3 Qe1 44. Qxa6 Kf7 45. Qe2 Qc1 46. Kg2 Kg6 47. Qc4
Qe3 48. Qc8 Qd2+ 49. Kg1 Qd4+ 50. Kg2 Qb2+ 51. Kg1 Qb6+ 52. Kg2 Kg7 53. Qa6 Qd8
54. Qa7+ Kg6 55. Bb5 h4 56. Bc6 Qc8 57. Qb7 h3+ 58. Kf1 Qd8 59. Qa7 Qf8 60. Bd7
Qh6 61. Bf5+ Kg5 62. Qe7 Kh4 63. Qe6 Qg5 64. Bxh3 Nxe4 65. fxe4 f3 66. Qf5 Qc1+
67. Kf2 Qd2+ 68. Kxf3 Qe3+ 69. Kg2 Qe2+ 70. Kh1 Qxh2+ 71. Kxh2 1/2-1/2